• 首页
  • 本馆介绍
  • 公告通知
  • 最新文献
  • 馆藏检索
  • 电子资源
  • 读者导购
  • 参考咨询
  • 我的图书馆
  • 登录
  • 详细信息显示
  • 放入我的书架
  • 预约/预借图书
  • 作者相关作品
  • 分类相关作品
  • 丛书相关作品
  • 出版社相关作品

书目信息

  • 表格格式
  • 工作单格式
  • 卡片格式
题名:
技术经济学概论
    
 
作者: 虞晓芬 , 龚建立
分册:  
出版信息: 北京   高等教育出版社  
页数: 251页
开本: 24cm
丛书名:
单 册:
中图分类: F062.4
科图分类:
主题词: 经济学--分支科学
电子资源:
ISBN:
000 00588nam0 2200193 450
001 202410111207428101
005 20241016112534.09
010    @d¥34.00
100    @a20241011d km y0chiy0120 ea
101 0  @achi
200 1  @a技术经济学概论@AJi Shu Jing Ji Xue Gai Lun@f虞晓芬,龚建立@FYu Xiao Fen,Gong Jian Li
210    @a北京@c高等教育出版社
215    @a251页@d24cm
606 0  @a经济学@x分支科学
690    @aF062.4@v4
701  0 @a虞晓芬@AYu Xiao Fen
701  0 @a龚建立@AGong Jian Li
801  0 @aCN@b大连网信软件有限公司图书馆·11@c20241016
905    @aZUCC@b1426859@dF062.4@e148@f1
    
    技术经济学概论/虞晓芬,龚建立.-北京:高等教育出版社
    251页;24cm
    
    
    ISBN :¥34.00
    
●
相关链接 在E读中查询图书 在五车中查询图书 在当当中查询图书 在豆瓣中查询图书


正题名:技术经济学概论     索取号:F062.4/148         预约/预借

序号 登录号 条形码 馆藏地/架位号 状态 备注
1 1426859   214268594   密集书库-海洋学院/ [索取号:F062.4/148] 在馆    
唐山师范学院图书馆 欢迎您!
大连网信软件有限公司© 版权所有